Statistics for 1958 year quiz

Click here to take the quiz!

General Stats

  • This quiz has been taken 37 times
    (23 since last reset)
  • The average score is 6 of 10

Answer Stats

HintAnswer% Correct
This agency founded to probe the heavensThe National Aeronautics and Space Administration
91%
This singer enlists with the US militaryElvis Presley
87%
Moscow's Politburo puts this man in chargeNikita Khrushchev
83%
A jetplane passenger service first starts over this body of waterThe Atlantic
83%
This European leader pulled from retirement to lead new republicCharles de Gaulle
78%
A famine starts here, killing nearly 30 million people over next three yearsChina
70%
This duffel-coated orphan first found in a London train stationPaddington Bear
61%
Seven Manchester United players die in a plane crash hereMunich
39%
This music style emerges in BrazilBossa Nova
22%
Fairchild Semiconductors in Texas invents thisThe Microchip
22%

Score Distribution

Percentile by Number Answered

Percent of People with Each Score

Your Score History

You have not taken this quiz since the last reset